War and peace in Europe, 1815-1870: (Record no. 18498)

MARC details
000 -LEADER
fixed length control field 01111cam a22003131 4500
001 - CONTROL NUMBER
control field 10158282
003 - CONTROL NUMBER IDENTIFIER
control field BDDh-ASL
005 - DATE AND TIME OF LATEST TRANSACTION
control field 20231015025718.0
008 - FIXED-LENGTH DATA ELEMENTS--GENERAL INFORMATION
fixed length control field 800508s1931 enk 000 0 eng
010 ## - LIBRARY OF CONGRESS CONTROL NUMBER
LC control number 32010442
035 ## - SYSTEM CONTROL NUMBER
System control number (OCoLC)6295260
040 ## - CATALOGING SOURCE
Original cataloging agency DLC
Transcribing agency ICIU
Modifying agency BDDh-ASL
-- DLC
042 ## - AUTHENTICATION CODE
Authentication code premarc
043 ## - GEOGRAPHIC AREA CODE
Geographic area code e------
-- e-fr---
050 00 - LIBRARY OF CONGRESS CALL NUMBER
Classification number D359
Item number .W6
082 ## - DEWEY DECIMAL CLASSIFICATION NUMBER
Classification number 940
Item number WOW
100 1# - MAIN ENTRY--PERSONAL NAME
Personal name Woodward, E. L.
Fuller form of name (Ernest Llewellyn),
Dates associated with a name 1890-1971.
245 10 - TITLE STATEMENT
Title War and peace in Europe, 1815-1870:
Remainder of title and other essays/
Statement of responsibility, etc. by E. L. Woodward.
260 ## - PUBLICATION, DISTRIBUTION, ETC.
Place of publication, distribution, etc. London:
Name of publisher, distributor, etc. Constable & Co.,
Date of publication, distribution, etc. 1931.
300 ## - PHYSICAL DESCRIPTION
Extent vii, 291 p.
Dimensions 23 cm.
505 0# - FORMATTED CONTENTS NOTE
Formatted contents note War and peace in Europe, 1815-1870.--Historical material and historical certainty; the nineteenth century.--French history and French memoirs, 1815-1850.
650 #0 - SUBJECT ADDED ENTRY--TOPICAL TERM
Topical term or geographic name entry element Historiography.
650 #0 - SUBJECT ADDED ENTRY--TOPICAL TERM
Topical term or geographic name entry element History, Modern
General subdivision Sources.
651 #0 - SUBJECT ADDED ENTRY--GEOGRAPHIC NAME
Geographic name Europe
General subdivision Politics and government
Chronological subdivision 1815-1871.
651 #0 - SUBJECT ADDED ENTRY--GEOGRAPHIC NAME
Geographic name France
General subdivision History
Chronological subdivision 1789-1900.
651 #0 - SUBJECT ADDED ENTRY--GEOGRAPHIC NAME
Geographic name France
General subdivision History
Chronological subdivision 1789-1900
General subdivision Sources.
906 ## - LOCAL DATA ELEMENT F, LDF (RLIN)
a 7
b cbc
c oclcrpl
d u
e ncip
f 19
g y-gencatlg
942 ## - ADDED ENTRY ELEMENTS (KOHA)
Source of classification or shelving scheme Dewey Decimal Classification
Koha item type Books
Holdings
Withdrawn status Lost status Source of classification or shelving scheme Damaged status Not for loan Collection code Home library Current library Shelving location Date acquired Source of acquisition Total Checkouts Full call number Barcode Date last seen Copy number Price effective from Koha item type Public note
    Dewey Decimal Classification   Not For Loan Non-fiction Asiatic Society Library Asiatic Society Library Harrison Collection 10/12/2020 Donated by Prof. John B. Harrison   940 WOW 101690 10/12/2020 C-1 10/12/2020 Books RARE

Powered by Koha